[Event "OEISM 0818 BLMM"]
[Site "austriablmm"]
[Date "2020.12.12"]
[Round "8"]
[White "gritschb"]
[Black "Schragerlaufer"]
[Result "1-0"]
[WhiteElo "1516"]
[BlackElo "1390"]
[Annotator "NA RC"]
[PlyCount "149"]
[EventDate "2020.12.12"]
[EventType "blitz"]

1. e4 {[%emt 0:00:08]} e5 {[%emt 0:00:02]} 2. Nf3 {[%emt 0:00:02]} Nc6 {[%emt 0:00:02]} 3. Bb5 {[%emt 0:00:02]} a6 {[%emt 0:00:02]} 4. Ba4 {[%emt 0:00:03]} Nf6 {[%emt 0:00:02]} 5. O-O {[%emt 0:00:02]} Bc5 {[%emt 0:00:12]} 6. Nxe5 {[%emt 0:00:04]} Nxe5 {[%emt 0:00:10]} 7. d4 {[%emt 0:00:03]} Bxd4 {[%emt 0:00:08]} 8. Qxd4 {[%emt 0:00:03]} Nc6 {[%emt 0:00:11]} 9. Bxc6 {[%emt 0:00:13]} bxc6 {[%emt 0:00:26]} 10. Qe5+ {[%emt 0:00:07]} Qe7 {[%emt 0:00:19]} 11. Qxe7+ {[%emt 0:00:02]} Kxe7 {[%emt 0:00:01]} 12. Bg5 {[%emt 0:00:01]} h6 {[%emt 0:00:06]} 13. Bxf6+ {[%emt 0:00:02]} Kxf6 {[%emt 0:00:05]} 14. Nc3 {[%emt 0:00:02]} Re8 {[%emt 0:00:42]} 15. Rae1 {[%emt 0:00:04]} Ke7 {[%emt 0:00:04]} 16. f4 {[%emt 0:00:02]} Kf8 {[%emt 0:00:01]} 17. e5 {[%emt 0:00:02]} d6 {[%emt 0:00:04]} 18. Re2 {[%emt 0:00:35]} Be6 {[%emt 0:00:42]} 19. Rfe1 {[%emt 0:00:06]} Rad8 {[%emt 0:00:26]} 20. Kf2 {[%emt 0:00:06]} g6 {[%emt 0:00:38]} 21. h3 {[%emt 0:00:04]} Kg7 {[%emt 0:00:02]} 22. a3 {[%emt 0:00:13]} Rd7 {[%emt 0:00:17]} 23. Ne4 {[%emt 0:00:03]} Rde7 {[%emt 0:01:07]} 24. exd6 {[%emt 0:00:05]} cxd6 {[%emt 0:00:15]} 25. Nxd6 {[%emt 0:00:02]} Rd8 {[%emt 0:00:23]} 26. Ne4 {[%emt 0:00:06]} Rd4 {[%emt 0:00:38]} 27. c3 {[%emt 0:00:36]} Rd8 {[%emt 0:00:40]} 28. Nc5 {[%emt 0:00:08]} Ree8 {[%emt 0:01:01]} 29. Nxe6+ {[%emt 0:00:05]} fxe6 {[%emt 0:00:06]} 30. Rxe6 {[%emt 0:00:04]} Rxe6 {[%emt 0:00:01]} 31. Rxe6 {[%emt 0:00:02]} Rd2+ {[%emt 0:00:03]} 32. Re2 {[%emt 0:00:01]} Rd6 {[%emt 0:00:13]} 33. g3 {[%emt 0:00:07]} Kf6 {[%emt 0:00:11]} 34. b3 {[%emt 0:00:02]} Rd3 {[%emt 0:00:07]} 35. Re3 {[%emt 0:00:01]} Rd2+ {[%emt 0:00:02]} 36. Kf3 {[%emt 0:00:02]} Ra2 {[%emt 0:00:06]} 37. a4 {[%emt 0:00:02]} Ra3 {[%emt 0:00:04]} 38. c4 {[%emt 0:00:02]} h5 {[%emt 0:00:14]} 39. g4 {[%emt 0:00:03]} hxg4+ {[%emt 0:00:13]} 40. hxg4 {[%emt 0:00:02]} Kf7 {[%emt 0:00:22]} 41. Ke4 {[%emt 0:00:03]} Kf6 {[%emt 0:00:04]} 42. Rf3 {[%emt 0:00:06]} Kf7 {[%emt 0:00:11]} 43. f5 {[%emt 0:00:01]} gxf5+ {[%emt 0:00:01]} 44. gxf5 {[%emt 0:00:02]} Kf6 {[%emt 0:00:03]} 45. Kf4 {[%emt 0:00:01]} a5 {[%emt 0:00:09]} 46. Ke4 {[%emt 0:00:02]} Kf7 {[%emt 0:00:10]} 47. Ke5 {[%emt 0:00:02]} Ke7 {[%emt 0:00:02]} 48. f6+ {[%emt 0:00:02]} Kf7 {[%emt 0:00:01]} 49. Kd6 {[%emt 0:00:01]} Ra2 {[%emt 0:00:10]} 50. Kxc6 {[%emt 0:00:03]} Re2 {[%emt 0:00:02]} 51. Kb5 {[%emt 0:00:07]} Re5+ {[%emt 0:00:02]} 52. c5 {[%emt 0:00:01]} Kf8 {[%emt 0:00:04]} 53. f7 {[%emt 0:00:06]} Rd5 {[%emt 0:00:06]} 54. b4 {[%emt 0:00:07]} axb4 {[%emt 0:00:04]} 55. Kxb4 {[%emt 0:00:02]} Rd4+ {[%emt 0:00:05]} 56. Kb5 {[%emt 0:00:02]} Rd5 {[%emt 0:00:04]} 57. a5 {[%emt 0:00:02]} Rd1 {[%emt 0:00:02]} 58. a6 {[%emt 0:00:07]} Rb1+ {[%emt 0:00:01]} 59. Kc6 {[%emt 0:00:02]} Ra1 {[%emt 0:00:07]} 60. Kb7 {[%emt 0:00:02]} Rb1+ {[%emt 0:00:02]} 61. Ka7 {[%emt 0:00:03]} Rc1 {[%emt 0:00:13]} 62. Rf5 {[%emt 0:00:02]} Rb1 {[%emt 0:00:06]} 63. Ka8 {[%emt 0:00:02]} Rb2 {[%emt 0:00:05]} 64. a7 {[%emt 0:00:02]} Rb1 {[%emt 0:00:07]} 65. c6 {[%emt 0:00:01]} Rb2 {[%emt 0:00:14]} 66. Rc5 {[%emt 0:00:10]} Kxf7 {[%emt 0:00:09]} 67. c7 {[%emt 0:00:01]} Re2 {[%emt 0:00:09]} 68. c8=Q {[%emt 0:00:03]} Re8 {[%emt 0:00:12]} 69. Qxe8+ {[%emt 0:00:02]} Kxe8 {[%emt 0:00:01]} 70. Kb8 {[%emt 0:00:01]} Kd7 {[%emt 0:00:01]} 71. a8=Q {[%emt 0:00:02]} Kd6 {[%emt 0:00:02]} 72. Qc6+ {[%emt 0:00:02]} Ke7 {[%emt 0:00:01]} 73. Rd5 {[%emt 0:00:08] Schragerlaufer offers a draw} Kf7 {[%emt 0:00:07]} 74. Rd7+ {[%emt 0:00:02]} Ke8 {[%emt 0:00:06]} 75. Qc8# {[%emt 0:00:02] Mate Mate} 1-0

[Event "OEISM 0818 BLMM"]
[Site "austriablmm"]
[Date "2020.12.12"]
[Round "8"]
[White "Uhtred08"]
[Black "Viktor09"]
[Result "0-1"]
[WhiteElo "1493"]
[BlackElo "1678"]
[Annotator "NA"]
[PlyCount "132"]
[EventDate "2020.12.12"]
[EventType "blitz"]

1. e4 {[%emt 0:00:03]} c5 {[%emt 0:00:03]} 2. Nf3 {[%emt 0:00:03]} Nc6 {[%emt 0:00:08]} 3. d4 {[%emt 0:00:05]} cxd4 {[%emt 0:00:01]} 4. Nxd4 {[%emt 0:00:01]} e6 {[%emt 0:00:01]} 5. Nc3 {[%emt 0:00:09]} Qc7 {[%emt 0:00:06]} 6. Be3 {[%emt 0:00:06]} a6 {[%emt 0:00:08]} 7. Qd2 {[%emt 0:00:08]} Nf6 {[%emt 0:00:01]} 8. O-O-O {[%emt 0:00:04]} Bb4 {[%emt 0:00:03]} 9. f3 {[%emt 0:00:09]} Ne5 {[%emt 0:00:01]} 10. g4 {[%emt 0:00:34]} O-O {[%emt 0:00:26]} 11. h4 {[%emt 0:00:04]} Bxc3 {[%emt 0:00:08]} 12. Qxc3 {[%emt 0:00:25]} Qxc3 {[%emt 0:00:02]} 13. bxc3 {[%emt 0:00:01]} d5 {[%emt 0:00:01]} 14. g5 {[%emt 0:00:21]} Nh5 {[%emt 0:00:05]} 15. Be2 {[%emt 0:00:07]} Ng3 {[%emt 0:00:06]} 16. Rh2 {[%emt 0:00:11]} Nxe2+ {[%emt 0:00:07]} 17. Rxe2 {[%emt 0:00:03]} Nc4 {[%emt 0:00:02]} 18. exd5 {[%emt 0:00:15]} exd5 {[%emt 0:00:02]} 19. Nb3 {[%emt 0:00:05]} Re8 {[%emt 0:00:17]} 20. Rd3 {[%emt 0:00:17]} Bf5 {[%emt 0:00:04]} 21. Rxd5 {[%emt 0:00:44]} Nxe3 {[%emt 0:00:05]} 22. Rxe3 {[%emt 0:01:41]} Rxe3 {[%emt 0:00:07]} 23. Rxf5 {[%emt 0:00:02]} g6 {[%emt 0:00:17]} 24. Rc5 {[%emt 0:00:07]} Rxf3 {[%emt 0:00:06]} 25. Rc7 {[%emt 0:00:01]} Rb8 {[%emt 0:00:06]} 26. Na5 {[%emt 0:00:26]} b5 {[%emt 0:00:18]} 27. c4 {[%emt 0:00:25]} bxc4 {[%emt 0:00:11]} 28. Rxc4 {[%emt 0:00:03]} Rb5 {[%emt 0:00:06]} 29. Nb3 {[%emt 0:00:05]} Rd5 {[%emt 0:00:22]} 30. Ra4 {[%emt 0:00:44]} Rd6 {[%emt 0:00:12]} 31. Re4 {[%emt 0:00:31]} Kg7 {[%emt 0:00:16]} 32. Re2 {[%emt 0:00:14]} h6 {[%emt 0:00:05]} 33. gxh6+ {[%emt 0:00:08]} Kxh6 {[%emt 0:00:02]} 34. Nd2 {[%emt 0:00:15]} Rf4 {[%emt 0:00:14]} 35. Ne4 {[%emt 0:00:22]} Re6 {[%emt 0:00:03]} 36. Nc3 {[%emt 0:00:40]} Rxe2 {[%emt 0:00:06]} 37. Nxe2 {[%emt 0:00:02]} Rxh4 {[%emt 0:00:00]} 38. Kd2 {[%emt 0:00:05]} f5 {[%emt 0:00:08]} 39. Kd3 {[%emt 0:00:12]} f4 {[%emt 0:00:02]} 40. c4 {[%emt 0:00:03]} f3 {[%emt 0:00:11]} 41. Ng3 {[%emt 0:00:03]} Rh3 {[%emt 0:00:09]} 42. Nf1 {[%emt 0:00:04]} f2+ {[%emt 0:00:06]} 43. Kd2 {[%emt 0:00:09]} Rh4 {[%emt 0:00:09]} 44. c5 {[%emt 0:00:02]} Rc4 {[%emt 0:00:03]} 45. Ke2 {[%emt 0:00:01]} Rxc5 {[%emt 0:00:01]} 46. Kxf2 {[%emt 0:00:00]} g5 {[%emt 0:00:02]} 47. Kg2 {[%emt 0:00:04]} Rc2+ {[%emt 0:00:02]} 48. Kg3 {[%emt 0:00:03]} Rxa2 {[%emt 0:00:05]} 49. Ne3 {[%emt 0:00:01]} Ra3 {[%emt 0:00:02]} 50. Kf2 {[%emt 0:00:01]} Rxe3 {[%emt 0:00:02]} 51. Kxe3 {[%emt 0:00:02]} a5 {[%emt 0:00:01]} 52. Kd4 {[%emt 0:00:01]} a4 {[%emt 0:00:04]} 53. Kc4 {[%emt 0:00:00]} g4 {[%emt 0:00:01]} 54. Kb4 {[%emt 0:00:00]} g3 {[%emt 0:00:00]} 55. Kxa4 {[%emt 0:00:00]} g2 {[%emt 0:00:00]} 56. Kb3 {[%emt 0:00:01]} g1=Q {[%emt 0:00:00]} 57. Kc3 {[%emt 0:00:00]} Qf2 {[%emt 0:00:02]} 58. Kd3 {[%emt 0:00:00]} Kg5 {[%emt 0:00:01]} 59. Kc3 {[%emt 0:00:02]} Qe2 {[%emt 0:00:01]} 60. Kd4 {[%emt 0:00:02]} Qf3 {[%emt 0:00:02]} 61. Ke5 {[%emt 0:00:04]} Qf4+ {[%emt 0:00:02]} 62. Ke6 {[%emt 0:00:02]} Qd4 {[%emt 0:00:03]} 63. Kf7 {[%emt 0:01:11]} Qf6+ {[%emt 0:00:04]} 64. Kg8 {[%emt 0:00:04]} Qe7 {[%emt 0:00:04]} 65. Kh8 {[%emt 0:00:01]} Kg6 {[%emt 0:00:02]} 66. Kg8 {[%emt 0:01:20]} Qg7# {[%emt 0:00:03] Mate Mate} 0-1

[Event "OEISM 0818 BLMM"]
[Site "austriablmm"]
[Date "2020.12.12"]
[Round "8"]
[White "Freeclimber"]
[Black "xvv_valentina"]
[Result "1-0"]
[WhiteElo "1490"]
[BlackElo "1422"]
[Annotator "NA RC"]
[PlyCount "53"]
[EventDate "2020.12.12"]
[EventType "blitz"]

1. e4 {[%emt 0:00:05]} e5 {[%emt 0:00:02]} 2. Nf3 {[%emt 0:00:02]} Nc6 {[%emt 0:00:02]} 3. Nc3 {[%emt 0:00:02]} Nf6 {[%emt 0:00:06]} 4. Bb5 {[%emt 0:00:02]} d6 {[%emt 0:00:04]} 5. O-O {[%emt 0:00:03]} Bd7 {[%emt 0:00:06]} 6. d3 {[%emt 0:00:03]} a6 {[%emt 0:00:06]} 7. Ba4 {[%emt 0:00:04]} Nd4 {[%emt 0:00:05]} 8. Bxd7+ {[%emt 0:00:13]} Qxd7 {[%emt 0:00:05]} 9. Nxd4 {[%emt 0:00:09]} exd4 {[%emt 0:00:03]} 10. Ne2 {[%emt 0:00:03]} O-O-O {[%emt 0:00:07]} 11. Nxd4 {[%emt 0:00:05]} g6 {[%emt 0:00:12]} 12. Bg5 {[%emt 0:00:24]} Be7 {[%emt 0:00:17]} 13. Qd2 {[%emt 0:00:06]} Rde8 {[%emt 0:00:08]} 14. Qe3 {[%emt 0:00:09]} h6 {[%emt 0:00:08]} 15. Bxf6 {[%emt 0:00:07]} Bxf6 {[%emt 0:00:04]} 16. Nb3 {[%emt 0:00:08]} Bxb2 {[%emt 0:00:09]} 17. Qa7 {[%emt 0:00:15]} Kd8 {[%emt 0:00:16]} 18. Rab1 {[%emt 0:00:16]} Bg7 {[%emt 0:00:11]} 19. Na5 {[%emt 0:00:21]} Qa4 {[%emt 0:00:30]} 20. Nc4 {[%emt 0:01:04]} Qxc2 {[%emt 0:00:13]} 21. Rxb7 {[%emt 0:00:23]} Ke7 {[%emt 0:00:22]} 22. Rxc7+ {[%emt 0:00:17]} Ke6 {[%emt 0:00:10]} 23. Nxd6 {[%emt 0:00:37]} Rb8 {[%emt 0:00:30]} 24. Rxc2 {[%emt 0:00:28]} Be5 {[%emt 0:00:25]} 25. Nxf7 {[%emt 0:00:27]} Rhe8 {[%emt 0:00:25]} 26. Rc6+ {[%emt 0:00:11]} Bd6 {[%emt 0:00:17]} 27. Rxd6# {[%emt 0:00:03] Mate Mate} 1-0

[Event "OEISM 0818 BLMM"]
[Site "austriablmm"]
[Date "2020.12.12"]
[Round "8"]
[White "Derenick2010"]
[Black "BiancaD"]
[Result "1/2-1/2"]
[WhiteElo "1481"]
[BlackElo "1614"]
[Annotator "NA"]
[PlyCount "58"]
[EventDate "2020.12.12"]
[EventType "blitz"]

1. e4 {[%emt 0:00:02]} e5 {[%emt 0:00:01]} 2. Nf3 {[%emt 0:00:01]} Nf6 {[%emt 0:00:01]} 3. Nxe5 {[%emt 0:00:03]} Qe7 {[%emt 0:00:02]} 4. d4 {[%emt 0:00:09]} d6 {[%emt 0:00:02]} 5. Nf3 {[%emt 0:00:09]} Qxe4+ {[%emt 0:00:01]} 6. Be3 {[%emt 0:00:04]} c5 {[%emt 0:00:12]} 7. dxc5 {[%emt 0:00:05]} dxc5 {[%emt 0:00:04]} 8. Nc3 {[%emt 0:00:06]} Qe7 {[%emt 0:00:11]} 9. Qd2 {[%emt 0:00:05]} Qd6 {[%emt 0:00:04]} 10. O-O-O {[%emt 0:00:04]} Qxd2+ {[%emt 0:00:05]} 11. Rxd2 {[%emt 0:00:02]} Be7 {[%emt 0:00:02]} 12. Bg5 {[%emt 0:00:04]} h6 {[%emt 0:00:04]} 13. Bxf6 {[%emt 0:00:03]} Bxf6 {[%emt 0:00:02]} 14. Bb5+ {[%emt 0:00:03]} Nc6 {[%emt 0:00:08]} 15. Re1+ {[%emt 0:00:03]} Be6 {[%emt 0:00:10]} 16. Bc4 {[%emt 0:00:08]} O-O {[%emt 0:00:07]} 17. Bxe6 {[%emt 0:00:04]} fxe6 {[%emt 0:00:02]} 18. Rxe6 {[%emt 0:00:03]} Rfe8 {[%emt 0:00:08]} 19. Red6 {[%emt 0:00:13]} Bxc3 {[%emt 0:00:07]} 20. bxc3 {[%emt 0:00:03]} Ne5 {[%emt 0:00:12]} 21. Nxe5 {[%emt 0:00:03]} Rxe5 {[%emt 0:00:03]} 22. R6d5 {[%emt 0:00:04]} Re1+ {[%emt 0:00:02]} 23. Rd1 {[%emt 0:00:03]} Re2 {[%emt 0:00:05]} 24. R5d2 {[%emt 0:00:04]} Rae8 {[%emt 0:00:08]} 25. Rxe2 {[%emt 0:00:03]} Rxe2 {[%emt 0:00:04]} 26. Rd2 {[%emt 0:00:02]} Re1+ {[%emt 0:00:02]} 27. Rd1 {[%emt 0:00:02]} Re2 {[%emt 0:00:01]} 28. Rd2 {[%emt 0:00:01]} Re1+ {[%emt 0:00:01]} 29. Rd1 {[%emt 0:00:02]} Re2 {[%emt 0:00:01] Threefold Rep Threefold Rep} 1/2-1/2

[Event "OEISM 0818 BLMM"]
[Site "austriablmm"]
[Date "2020.12.12"]
[Round "8"]
[White "Tobias Gartner"]
[Black "Goldene Leune"]
[Result "0-1"]
[WhiteElo "1437"]
[BlackElo "1674"]
[Annotator "NA RC"]
[PlyCount "102"]
[EventDate "2020.12.12"]
[EventType "blitz"]

1. e4 {[%emt 0:00:01]} c5 {[%emt 0:00:04]} 2. Nc3 {[%emt 0:00:04]} d6 {[%emt 0:00:01]} 3. a3 {[%emt 0:00:02]} Nc6 {[%emt 0:00:02]} 4. Bb5 {[%emt 0:00:03]} Bd7 {[%emt 0:00:02]} 5. Bxc6 {[%emt 0:00:01]} Bxc6 {[%emt 0:00:02]} 6. h3 {[%emt 0:00:05]} Nf6 {[%emt 0:00:03]} 7. Nf3 {[%emt 0:00:02]} Nxe4 {[%emt 0:00:04]} 8. Nxe4 {[%emt 0:00:03]} Bxe4 {[%emt 0:00:02]} 9. O-O {[%emt 0:00:05]} e6 {[%emt 0:00:03]} 10. Qe2 {[%emt 0:00:06]} Bc6 {[%emt 0:00:03]} 11. Ne1 {[%emt 0:00:14]} Be7 {[%emt 0:00:02]} 12. f3 {[%emt 0:00:04]} O-O {[%emt 0:00:07]} 13. Nd3 {[%emt 0:00:04]} Qb6 {[%emt 0:00:05]} 14. a4 {[%emt 0:00:07]} c4+ {[%emt 0:00:03]} 15. Kh2 {[%emt 0:00:07]} cxd3 {[%emt 0:00:02]} 16. Qxd3 {[%emt 0:00:05]} Rac8 {[%emt 0:00:05]} 17. a5 {[%emt 0:00:05]} Qc5 {[%emt 0:00:05]} 18. Re1 {[%emt 0:00:10]} d5 {[%emt 0:00:04]} 19. Qc3 {[%emt 0:00:06]} Bd6+ {[%emt 0:00:03]} 20. Kh1 {[%emt 0:00:06]} Qf2 {[%emt 0:00:03]} 21. Qe3 {[%emt 0:00:06]} Qg3 {[%emt 0:00:12]} 22. Kg1 {[%emt 0:00:04]} b6 {[%emt 0:00:03]} 23. Qf2 {[%emt 0:00:04]} Bc5 {[%emt 0:00:03]} 24. Rf1 {[%emt 0:00:08]} Bxf2+ {[%emt 0:00:03]} 25. Rxf2 {[%emt 0:00:02]} Bb5 {[%emt 0:00:09]} 26. axb6 {[%emt 0:00:06]} axb6 {[%emt 0:00:02]} 27. d4 {[%emt 0:00:18]} Bd7 {[%emt 0:00:06]} 28. Bd2 {[%emt 0:00:13]} Rxc2 {[%emt 0:00:08]} 29. Rb1 {[%emt 0:00:15]} e5 {[%emt 0:00:03]} 30. Rc1 {[%emt 0:00:05]} Rxc1+ {[%emt 0:00:02]} 31. Bxc1 {[%emt 0:00:02]} Bxh3 {[%emt 0:00:03]} 32. Kf1 {[%emt 0:00:05]} Bxg2+ {[%emt 0:00:08]} 33. Rxg2 {[%emt 0:00:03]} Qxf3+ {[%emt 0:00:03]} 34. Rf2 {[%emt 0:00:02]} Qh1+ {[%emt 0:00:05]} 35. Ke2 {[%emt 0:00:06]} Qxc1 {[%emt 0:00:02]} 36. dxe5 {[%emt 0:00:02]} Qxb2+ {[%emt 0:00:02]} 37. Kf3 {[%emt 0:00:06]} Qxe5 {[%emt 0:00:04]} 38. Re2 {[%emt 0:00:03]} Qh5+ {[%emt 0:00:04]} 39. Kf2 {[%emt 0:00:02]} Qh2+ {[%emt 0:00:07]} 40. Ke3 {[%emt 0:00:02] Tobias Gartner offers a draw} Qh3+ {[%emt 0:00:12]} 41. Kd2 {[%emt 0:00:04]} h6 {[%emt 0:00:06]} 42. Re3 {[%emt 0:00:08]} Qd7 {[%emt 0:00:04]} 43. Rb3 {[%emt 0:00:06]} Qf5 {[%emt 0:00:17]} 44. Rxb6 {[%emt 0:00:07]} Qf2+ {[%emt 0:00:02]} 45. Kd3 {[%emt 0:00:02]} Qxb6 {[%emt 0:00:03]} 46. Kc3 {[%emt 0:02:29]} Rc8+ {[%emt 0:00:12]} 47. Kd3 {[%emt 0:00:04]} Qb3+ {[%emt 0:00:03]} 48. Kd4 {[%emt 0:00:02]} Rc4+ {[%emt 0:00:04]} 49. Kxd5 {[%emt 0:00:05]} Qd3+ {[%emt 0:00:05]} 50. Ke5 {[%emt 0:00:05]} Re4+ {[%emt 0:00:02]} 51. Kf5 {[%emt 0:00:33]} Qf3# {[%emt 0:00:11] Mate Mate} 0-1

[Event "OEISM 0818 BLMM"]
[Site "austriablmm"]
[Date "2020.12.12"]
[Round "8"]
[White "Oberwirschtl"]
[Black "MGamer"]
[Result "0-1"]
[WhiteElo "1430"]
[BlackElo "1638"]
[Annotator "NA RC"]
[PlyCount "90"]
[EventDate "2020.12.12"]
[EventType "blitz"]

1. e4 {[%emt 0:00:06]} e6 {[%emt 0:00:04]} 2. d4 {[%emt 0:00:18]} d5 {[%emt 0:00:01]} 3. Nc3 {[%emt 0:00:00]} Nf6 {[%emt 0:00:03]} 4. Bg5 {[%emt 0:00:05]} dxe4 {[%emt 0:00:16]} 5. Nxe4 {[%emt 0:00:17]} Be7 {[%emt 0:00:06]} 6. Nc3 {[%emt 0:00:23]} Bd7 {[%emt 0:00:13]} 7. Nf3 {[%emt 0:00:10]} h6 {[%emt 0:00:05]} 8. Bh4 {[%emt 0:00:17] Oberwirschtl reconnected.} Nc6 {[%emt 0:00:18]} 9. Be2 {[%emt 0:00:28]} O-O {[%emt 0:00:17]} 10. O-O {[%emt 0:00:25]} Nb4 {[%emt 0:00:15]} 11. a3 {[%emt 0:00:12]} Nbd5 {[%emt 0:00:01]} 12. Nxd5 {[%emt 0:00:12]} Nxd5 {[%emt 0:00:05]} 13. Bxe7 {[%emt 0:00:07]} Nxe7 {[%emt 0:00:10]} 14. c4 {[%emt 0:00:05]} Rc8 {[%emt 0:00:09]} 15. Bd3 {[%emt 0:00:13]} c5 {[%emt 0:00:06]} 16. d5 {[%emt 0:00:53]} exd5 {[%emt 0:00:13]} 17. cxd5 {[%emt 0:00:03]} Nxd5 {[%emt 0:00:07]} 18. Bh7+ {[%emt 0:00:07]} Kxh7 {[%emt 0:00:01]} 19. Qxd5 {[%emt 0:00:02]} Be6 {[%emt 0:00:43]} 20. Qxb7 {[%emt 0:00:17]} Rc7 {[%emt 0:01:10]} 21. Qe4+ {[%emt 0:00:09]} Kg8 {[%emt 0:00:02]} 22. Rad1 {[%emt 0:00:10]} Qf6 {[%emt 0:00:05]} 23. Qe5 {[%emt 0:00:39]} Qxe5 {[%emt 0:00:18]} 24. Nxe5 {[%emt 0:00:00]} Rb8 {[%emt 0:00:01]} 25. Nd3 {[%emt 0:00:13]} c4 {[%emt 0:00:09]} 26. Nb4 {[%emt 0:00:01]} a5 {[%emt 0:00:01]} 27. Na6 {[%emt 0:00:03]} Rcb7 {[%emt 0:00:17]} 28. Nxb8 {[%emt 0:00:02]} Rxb8 {[%emt 0:00:01]} 29. Rd2 {[%emt 0:00:05]} Bf5 {[%emt 0:00:06]} 30. Re1 {[%emt 0:00:31]} Kf8 {[%emt 0:00:14]} 31. h3 {[%emt 0:00:14]} g5 {[%emt 0:00:12]} 32. Re5 {[%emt 0:00:04]} Bd3 {[%emt 0:00:05]} 33. Rxa5 {[%emt 0:00:07]} Ke7 {[%emt 0:00:12]} 34. Ra4 {[%emt 0:00:46]} Rb6 {[%emt 0:00:13]} 35. Rb4 {[%emt 0:00:00]} Rc6 {[%emt 0:00:18]} 36. a4 {[%emt 0:00:33]} Ke6 {[%emt 0:00:15]} 37. a5 {[%emt 0:00:06]} Ke5 {[%emt 0:00:03]} 38. Rb6 {[%emt 0:00:17]} Rc5 {[%emt 0:00:02]} 39. a6 {[%emt 0:00:05]} Ra5 {[%emt 0:00:08]} 40. f3 {[%emt 0:00:15]} Kd4 {[%emt 0:00:06]} 41. Kf2 {[%emt 0:00:05]} h5 {[%emt 0:00:17]} 42. b3 {[%emt 0:01:43]} Kc3 {[%emt 0:00:15]} 43. Rxd3+ {[%emt 0:00:21]} cxd3 {[%emt 0:00:02]} 44. b4 {[%emt 0:00:00]} Ra2+ {[%emt 0:00:05]} 45. Ke3 {[%emt 0:00:07]} Re2# {[%emt 0:00:06] Mate Mate Oberwirschtl reconnected.} 0-1

[Event "OEISM 0818 BLMM"]
[Site "austriablmm"]
[Date "2020.12.12"]
[Round "8"]
[White "Luroe12"]
[Black "Leefke Giselbrecht"]
[Result "1-0"]
[WhiteElo "1429"]
[BlackElo "1431"]
[Annotator "NA"]
[PlyCount "81"]
[EventDate "2020.12.12"]
[EventType "blitz"]

1. e4 {[%emt 0:00:04]} d5 {[%emt 0:00:03]} 2. exd5 {[%emt 0:00:06]} Qxd5 {[%emt 0:00:03]} 3. Nc3 {[%emt 0:00:02]} Qd8 {[%emt 0:00:03]} 4. Nf3 {[%emt 0:00:04]} Nf6 {[%emt 0:00:07]} 5. d4 {[%emt 0:00:04]} Bf5 {[%emt 0:00:05]} 6. Bc4 {[%emt 0:00:08]} e6 {[%emt 0:00:04]} 7. Bg5 {[%emt 0:00:03]} Nbd7 {[%emt 0:00:05]} 8. O-O {[%emt 0:00:08]} Bd6 {[%emt 0:00:03]} 9. Re1 {[%emt 0:00:43]} O-O {[%emt 0:00:03]} 10. d5 {[%emt 0:00:20]} exd5 {[%emt 0:00:16]} 11. Nxd5 {[%emt 0:00:08]} c6 {[%emt 0:00:07]} 12. Nxf6+ {[%emt 0:00:06]} Nxf6 {[%emt 0:00:02]} 13. Qd4 {[%emt 0:00:39] Luroe12 offers a draw} Bxc2 {[%emt 0:00:29]} 14. Bxf6 {[%emt 0:00:15]} Qxf6 {[%emt 0:00:06]} 15. Qxf6 {[%emt 0:00:03]} gxf6 {[%emt 0:00:02]} 16. b3 {[%emt 0:00:20]} b5 {[%emt 0:00:10]} 17. Be2 {[%emt 0:00:06]} Kh8 {[%emt 0:00:05]} 18. Nd4 {[%emt 0:00:16]} Bg6 {[%emt 0:00:14]} 19. Nxc6 {[%emt 0:00:09]} Rg8 {[%emt 0:00:18]} 20. Red1 {[%emt 0:00:10]} Bc5 {[%emt 0:00:10]} 21. Rd7 {[%emt 0:00:31]} a6 {[%emt 0:00:07]} 22. Ne7 {[%emt 0:00:23]} Bxe7 {[%emt 0:00:05]} 23. Rxe7 {[%emt 0:00:04]} Rg7 {[%emt 0:00:06]} 24. Bf3 {[%emt 0:00:05]} Rb8 {[%emt 0:00:18]} 25. Rae1 {[%emt 0:00:16]} Rgg8 {[%emt 0:00:09]} 26. Bd5 {[%emt 0:00:25]} Rgf8 {[%emt 0:00:15]} 27. g4 {[%emt 0:00:43]} Rbd8 {[%emt 0:00:07]} 28. Bg2 {[%emt 0:00:26]} Kg7 {[%emt 0:00:20]} 29. f4 {[%emt 0:00:15]} f5 {[%emt 0:00:19]} 30. g5 {[%emt 0:00:16] Luroe12 offers a draw} Rd2 {[%emt 0:00:37]} 31. Ra1 {[%emt 0:00:39]} Rfd8 {[%emt 0:00:15]} 32. Ra7 {[%emt 0:00:47]} R8d6 {[%emt 0:00:10]} 33. Re1 {[%emt 0:00:40]} Rd7 {[%emt 0:00:35]} 34. Rxd7 {[%emt 0:00:11]} Rxd7 {[%emt 0:00:05]} 35. Bc6 {[%emt 0:00:10]} Ra7 {[%emt 0:00:08]} 36. Kf2 {[%emt 0:00:19]} Bh5 {[%emt 0:00:04]} 37. h3 {[%emt 0:00:05]} f6 {[%emt 0:00:08]} 38. Kg3 {[%emt 0:00:12]} fxg5 {[%emt 0:00:11]} 39. fxg5 {[%emt 0:00:03]} Kg6 {[%emt 0:00:11]} 40. Re6+ {[%emt 0:00:42]} Kxg5 {[%emt 0:00:03]} 41. h4# {[%emt 0:00:03] Mate Mate} 1-0

[Event "OEISM 0818 BLMM"]
[Site "austriablmm"]
[Date "2020.12.12"]
[Round "8"]
[White "Valeria5492"]
[Black "Widder2010"]
[Result "0-1"]
[WhiteElo "1417"]
[BlackElo "1635"]
[Annotator "NA"]
[PlyCount "58"]
[EventDate "2020.12.12"]
[EventType "blitz"]

1. e4 {[%emt 0:00:05]} g6 {[%emt 0:00:02]} 2. Bc4 {[%emt 0:00:14]} Bg7 {[%emt 0:00:04]} 3. d3 {[%emt 0:00:11]} e6 {[%emt 0:00:04]} 4. Nc3 {[%emt 0:00:37]} Ne7 {[%emt 0:00:02]} 5. Nf3 {[%emt 0:00:08]} d5 {[%emt 0:00:02]} 6. exd5 {[%emt 0:00:33]} exd5 {[%emt 0:00:02]} 7. Bb3 {[%emt 0:00:39]} c6 {[%emt 0:00:04]} 8. O-O {[%emt 0:00:20]} O-O {[%emt 0:00:03]} 9. Bg5 {[%emt 0:00:19]} Be6 {[%emt 0:00:04]} 10. d4 {[%emt 0:00:36]} Qc7 {[%emt 0:00:06]} 11. Ne2 {[%emt 0:00:22]} Nf5 {[%emt 0:00:13]} 12. Nf4 {[%emt 0:00:42]} Re8 {[%emt 0:00:15]} 13. c3 {[%emt 0:00:20]} h6 {[%emt 0:00:35]} 14. Nxe6 {[%emt 0:00:24]} Rxe6 {[%emt 0:00:04]} 15. Be3 {[%emt 0:00:15]} Nxe3 {[%emt 0:00:04]} 16. fxe3 {[%emt 0:00:04]} Rxe3 {[%emt 0:00:21]} 17. Qd2 {[%emt 0:00:34]} Re8 {[%emt 0:00:05]} 18. Bc2 {[%emt 0:00:23]} Nd7 {[%emt 0:00:11]} 19. a3 {[%emt 0:00:40]} Nf6 {[%emt 0:00:04]} 20. h3 {[%emt 0:00:12]} Ne4 {[%emt 0:00:03]} 21. Bxe4 {[%emt 0:00:31]} Rxe4 {[%emt 0:00:04]} 22. b4 {[%emt 0:00:33]} Rae8 {[%emt 0:00:09]} 23. Qc2 {[%emt 0:00:20]} Re2 {[%emt 0:00:09]} 24. Qb3 {[%emt 0:00:09]} Qg3 {[%emt 0:00:09]} 25. Nh4 {[%emt 0:00:46]} Qxh4 {[%emt 0:00:06]} 26. Ra2 {[%emt 0:00:47]} Qg3 {[%emt 0:00:09]} 27. Rxe2 {[%emt 0:00:29]} Rxe2 {[%emt 0:00:03]} 28. Rf2 {[%emt 0:00:07]} Qxf2+ {[%emt 0:00:02]} 29. Kh1 {[%emt 0:00:04]} Qxg2# {[%emt 0:00:02] Mate Mate} 0-1